000 00921nam a22002897a 4500
003 CHAP
005 20220329135037.0
008 971013s r 00010 d
010 _a30032
011 _a31004
035 _a35116
040 _cCHAP
090 _aR-1693
100 0 0 _aLindstrom, Ulf B.
_966967
245 _aSelection intensity for milk yield in 1970-1977 in the Finnish Ayrshire
500 _aSobretiro de: J. of the Scientific Agr. Soc. of Finalnd 50:445-454, 1978
590 _aBATCH-UPD
_b10
_c20130110
_lUCH01
_h1913
590 _aBATCH-UPD
_b10
_c20130410
_lUCH01
_h1239
590 _aBATCH-UPD
_b10
_c20130914
_lUCH01
_h1516
590 _aCONVERSION
_b10
_c20130109
_lUCH01
_h1317
650 1 4 _aGanado lechero.
_945237
650 1 4 _aGanado lechero
_xFinlandia.
_945266
650 1 4 _aLeche
_xProducción.
_965400
901 _aBK
942 _cREIMP
949 _aR-1693
_bBC
_cR
_d-81200
_eTS1
_i35116
_si
999 _c30032
_d30032